[Event "ESP-chT CECLUB Div2"]
[Site "Linares"]
[Date "2021.08.09"]
[Round "1.6"]
[White "Perdomo Araujo, Angel Eduardo"]
[Black "Cayon Pelaez, Pablo"]
[Result "1-0"]
[WhiteElo "2025"]
[BlackElo "1922"]
[PlyCount "67"]
[EventDate "2021.08.09"]
[EventType "team-swiss"]
[EventRounds "7"]
[EventCountry "ESP"]
[SourceTitle "CBM 203 Extra"]
[Source "ChessBase"]
[SourceDate "2021.09.30"]
[SourceVersion "1"]
[SourceVersionDate "2021.09.30"]
[SourceQuality "1"]
[WhiteTeam "Villalba 64 Miscasa"]
[BlackTeam "Alaquas CC"]
[WhiteTeamCountry "ESP"]
[BlackTeamCountry "ESP"]

1. e4 e5 2. Nf3 Nc6 3. Nc3 Nf6 4. Be2 Bc5 5. Nxe5 Nxe5 6. d4 Bb4 7. dxe5 Nxe4 8. Qd4 Nxc3 9. bxc3 Be7 10. Qg4 Kf8 11. Bf4 g5 12. Be3 d5 13. Qh5 h6 14. 0-0 Bf5 15. f4 Bg6 16. Qh3 Bxc2 17. fxg5 Bxg5 18. Bh5 Rh7 19. Rf2 Be4 20. Raf1 f5 21. exf6 Qd6 22. Bf4 Qb6 23. Kh1 Rd8 24. Qg3 Bxf4 25. Rxf4 Qd6 26. f7 Rg7 27. Bg4 Qg6 28. Qf2 Rd7 29. Rxe4 Rdxf7 30. Rf4 Rxf4 31. Qxf4+ Rf7 32. Qb4+ c5 33. Qxc5+ Kg8 34. Qxd5 1-0